01420nam a2200313 4500001000400000003000400004005001700008008004100025020001600066040000800082041001300090082001400103100002900117240002700146245007400173250001900247260003300266300001100299520064300310650002400953650001500977650001500992650001301007650001601020650001601036655001201052655001601064700002601080225OSt20250528074015.0250204b |||||||g |||| 00| 1 eng d a8510346607  bpor hitaapor a853bE19p1 aEco, Umberto,d1932-2016 aIl pendolo di Foucault aO pêndulo de Foucault /cEco, Umberto ; Tradução de Ivo Barroso a3° edição aRio de JaneirobRecordc1989 a613 p. aO Pêndulo de Foucault, originalmente Il pendolo di Foucault, é um romance do filósofo e novelista italiano Umberto Eco, publicado em 1988. Dividido em dez segmentos representados pelos dez Sefiroth, é cheio de referências esotéricas à Kabbalah, à alquimia e a teorias conspiratórias. O título do livro refere-se ao pêndulo projetado pelo físico francês Léon Foucault para demonstrar a rotação da terra. Na trama, sociedades secretas estão envolvidas em um suposto plano que governaria a humanidade. O texto é rico em informações e idéias, além de conter trechos de livros antigos e raros. 0aLiteratura italiana 0aReligião 0aEsoterismo 0aSuspense 0aHistórico 0aClássicos 0aRomance 0aFicção  aIvo BarrosoeTradutor